Normal view
MARC view
Entry Personal Name
001 - CONTROL NUMBER
- control field: 64598
003 - CONTROL NUMBER IDENTIFIER
- control field: dpl
005 - DATE AND TIME OF LATEST TRANSACTION
- control field: 20240410124653.0
008 - FIXED-LENGTH DATA ELEMENTS
- fixed length control field: 240410|| aca||aabn | a|a d
040 ## - CATALOGING SOURCE
- Original cataloging agency: dpl
- Transcribing agency: dpl
100 ## - HEADING--PERSONAL NAME
- Personal name: डहेरिया, मोहन कुमार
670 ## - SOURCE DATA FOUND
- Source citation: Work cat.: (dpl)202049: डहेरिया, मोहन कुमार, चरण कमलों के दौर में/, 2022
